000 00889cam a22002415a 4500
005 20091109141235.0
008 090114s2009 wau 000 0 eng
010 _aENG-95661
020 _a9788120338937
_c225.00
035 _aEN-79194
037 _bDBAD/PUB
040 _aDPL
_bEng
082 _a623.80681
100 _aMishra, Sasmita
_913551
245 _aEngineering economics and costing /
_cby Sasmita Mishra
260 _aNew Delhi
_bPHI Learning
_c2009
270 _aM-97,Connaught Circus
_bNew Delhi
_e110001
300 _ax,303p.
_c24cm (pbk)
500 _aIncludes bibliographical references and Index
942 _2ddc
_cEN
_mMIS
_h623.80681
999 _c33166
_d33166